[Event "NED-ch U12 op"]
[Site "Borne"]
[Date "2013.08.07"]
[Round "5"]
[White "Kroon, Dominique"]
[Black "Nasirov, Izzat"]
[Result "1-0"]
[WhiteElo "738"]
[BlackElo "890"]
[PlyCount "77"]
[EventDate "2013.08.05"]
[EventType "swiss"]
[EventRounds "13"]
[EventCountry "NED"]
[SourceTitle "EXT 2015"]
[Source "ChessBase"]
[SourceDate "2014.11.20"]
[SourceVersion "1"]
[SourceVersionDate "2014.11.20"]
[SourceQuality "1"]

1. e4 e5 2. Nf3 Nc6 3. Bc4 Bc5 4. b4 Bb6 5. c3 Nf6 6. d4 exd4 7. cxd4 0-0 8. Bg5 h6 9. Bxf6 Qxf6 10. e5 Qf4 11. 0-0 Nxd4 12. Be2 Qe4 13. Nc3 Nxe2+ 14. Nxe2 d6 15. exd6 Bh3 16. Re1 Rfe8 17. d7 Red8 18. Ng3 Qxb4 19. gxh3 Qb2 20. Re2 Qc3 21. Kg2 Qc6 22. Rd2 Ba5 23. Rd3 b5 24. Nf5 Qg6+ 25. Ng3 c5 26. Rd6 Bc7 27. Rxg6 fxg6 28. Qd5+ Kh8 29. Rc1 Rg8 30. Rxc5 Rad8 31. Rxc7 a6 32. Ne5 Rgf8 33. Nxg6+ Kh7 34. Nxf8+ Rxf8 35. d8Q Rxd8 36. Qxd8 b4 37. Qd3+ Kg8 38. Qf5 Kh8 39. Rc8# 1-0